000 00722nam a2200289Ia 4500
005 20260324111750.0
008 008 260324s9999 xx 000 0 eng d
020 _a9781003439646
037 _aEBOOK
040 _aCRL
040 _beng
040 _cCRL
041 _2eng
041 _aeng
084 _qCRL
100 _aLaura Purdy; Natalie Barker-Ruchti
_91139923
245 0 _aSports Coaching Education and Alternative Pedagogies
245 0 _bApproaches in Higher Education
260 _bTaylor and Francis
260 _c2025
365 _a
365 _b230
856 _uhttp://www.taylorfrancis.com/books/9781003439646
942 _cEBOOK
999 _c1728841
_d1728841